000 00553nam a2200205 4500
001 00028694
005 20260406080625.0
008 260406b ag ||||| |||| 00| 0 spa d
040 _aAR-CcCEOS
_bspa
_cAR-CcCEOS
041 _aspa
080 _a860-1
090 _bJUV
100 0 _aJuvenal,
_dca. 60-ca. 128
_91009
245 _aSátiras /
_cJuvenal
264 _aBuenos Aires :
_bPlaneta,
_cc1996.
300 _a396 p. ;
_c24x15 cm.
490 _vLos Clásicos de Grecia y Roma ; 46
655 0 _aliteratura poética
_91010
942 _2udc
_n0
_cBK
999 _c28727
_d28727